|
|
|
|
| LEADER |
02069nam a22003734a 4500 |
| 001 |
EBC408778 |
| 003 |
MiAaPQ |
| 005 |
20200520144314.0 |
| 006 |
m o d | |
| 007 |
cr cn||||||||| |
| 008 |
070604s2008 nyu sb 001 0 eng |
| 010 |
|
|
|z 2007022411
|
| 020 |
|
|
|z 0814409083
|
| 020 |
|
|
|z 9780814409084
|
| 035 |
|
|
|a (MiAaPQ)EBC408778
|
| 035 |
|
|
|a (Au-PeEL)EBL408778
|
| 035 |
|
|
|a (CaPaEBR)ebr10271772
|
| 035 |
|
|
|a (CaONFJC)MIL127128
|
| 035 |
|
|
|a (OCoLC)233559501
|
| 040 |
|
|
|a MiAaPQ
|c MiAaPQ
|d MiAaPQ
|
| 050 |
|
4 |
|a HD58.6
|b .S257 2008
|
| 082 |
0 |
4 |
|a 658.4/052
|2 22
|
| 100 |
1 |
|
|a Salacuse, Jeswald W.
|
| 245 |
1 |
0 |
|a Seven secrets for negotiating with government
|h [electronic resource] :
|b how to deal with local, state, national, or foreign governments--and come out ahead /
|c Jeswald W. Salacuse.
|
| 260 |
|
|
|a New York :
|b AMACOM/American Management Association,
|c c2008.
|
| 300 |
|
|
|a xi, 210 p.
|
| 504 |
|
|
|a Includes bibliographical references (p. 199-204) and index.
|
| 505 |
0 |
|
|a The many ways of negotiating with governments -- Governments feel different: how negotiating with governments differs from negotiating with anybody else -- Getting ready to negotiate with a government -- The myth of the monolith: how government organization affects negotiations -- The political imperative: the special nature of government interests and how they affect negotiations -- Power tools for influencing government decisions -- Getting a little help from your friends: using third parties in government negotiations -- The deal is never done: renegotiating government agreements -- On the manner of negotiating with governments: some final advice.
|
| 533 |
|
|
|a Electronic reproduction. Ann Arbor, MI : ProQuest, 2015. Available via World Wide Web. Access may be limited to ProQuest affiliated libraries.
|
| 650 |
|
0 |
|a Negotiation in business.
|
| 650 |
|
0 |
|a Business and politics.
|
| 655 |
|
4 |
|a Electronic books.
|
| 710 |
2 |
|
|a ProQuest (Firm)
|
| 856 |
4 |
0 |
|u https://ebookcentral.proquest.com/lib/matrademy/detail.action?docID=408778
|z Click to View
|